Producción comercial de fresas y espárragos / (Record no. 108630)

MARC details
000 -LEADER
campo de control de longitud fija 00639nam a2200193 4500
001 - NÚMERO DE CONTROL
campo de control 108630
003 - IDENTIFICADOR DE NÚMERO DE CONTROL
campo de control ES-MaACL
005 - FECHA Y HORA DE LA ÚLTIMA TRANSACCIÓN
campo de control 20230906184657.0
007 - CAMPO FIJO DE DESCRIPCIÓN FÍSICA--INFORMACIÓN GENERAL
campo de control de longitud fija t|
008 - DATOS DE LONGITUD FIJA--INFORMACIÓN GENERAL
campo de control de longitud fija 061121s1964 sp r ||||1| spa d
100 1# - ENTRADA PRINCIPAL--NOMBRE DE PERSONA
Nombre de persona Montgomery, H. B. S.
9 (RLIN) 216270
245 10 - MENCIÓN DEL TÍTULO
Título Producción comercial de fresas y espárragos /
Mención de responsabilidad, etc. H. B. S. Montgomery y F. A. Secrett; traducido por Jaime Esain Escobar.
260 ## - PUBLICACIÓN, DISTRIBUCIÓN, ETC.
Lugar de publicación, distribución, etc. Zaragoza :
Nombre del editor, distribuidor, etc. Acribia,
Fecha de publicación, distribución, etc. 1964.
300 ## - DESCRIPCIÓN FÍSICA
Extensión 151 p. lám. I-VIII. I-IV. :
Otras características físicas il ;
Dimensiones 20 cm.
700 1# - ENTRADA AGREGADA--NOMBRE PERSONAL
Nombre de persona Secrett, F. A.
9 (RLIN) 105056
700 0# - ENTRADA AGREGADA--NOMBRE PERSONAL
Nombre de persona Esaín Escobar, Jaime.
9 (RLIN) 47449
852 ## - LOCALIZACIÓN
Ubicación ES-MaACL
Número de control de estantería C-25179
Sublocalización o colección R.54096
Holdings
Estatus retirado Estado de pérdida Estado de daño No para préstamo Biblioteca de origen Biblioteca actual Ubicación en estantería Fecha de adquisición Fuente de adquisición Total de préstamos Signatura topográfica completa Código de barras Visto por última vez Precio de reemplazo Tipo de ítem Koha
        Biblioteca del Ateneo de Madrid Biblioteca del Ateneo de Madrid Depósito 2 17/01/2008     C-25179 1113349 23/02/2023 23/02/2023 Libro impreso